[Event "Balkaniad (Women) 20th"]
[Site "Kastela"]
[Date "1988.10.07"]
[Round "5.2"]
[White "Stroe, Madalina"]
[Black "Hansen, Evgenia"]
[Result "0-1"]
[WhiteElo "2155"]
[BlackElo "2060"]
[PlyCount "86"]
[EventDate "1988.10.03"]
[EventType "team-tourn"]
[EventRounds "6"]
[EventCountry "CRO"]
[SourceTitle "EXT 2015"]
[Source "ChessBase"]
[SourceDate "2014.11.20"]
[SourceVersion "1"]
[SourceVersionDate "2014.11.20"]
[SourceQuality "1"]
[WhiteTeam "Romania (W)"]
[BlackTeam "Bulgaria (W)"]
[WhiteTeamCountry "ROU"]
[BlackTeamCountry "BUL"]

1. e4 e5 2. Nf3 Nc6 3. d4 exd4 4. Nxd4 Qh4 5. Be3 Qxe4 6. Nb5 Bb4+ 7. N1c3 Kd8 8. Qd2 Qe6 9. 0-0-0 Nge7 10. Re1 Qd5 11. Qe2 Qe5 12. f4 Qe6 13. Qf2 Qf6 14. g4 d6 15. g5 Qg6 16. h4 h5 17. gxh6 gxh6 18. Bd4 Rg8 19. Rg1 Qxg1 20. Qxg1 Rxg1 21. Bxg1 Be6 22. Bd3 Kd7 23. Rf1 f5 24. Ne2 Rg8 25. Bd4 a6 26. Nbc3 Nxd4 27. Nxd4 Bxc3 28. bxc3 c5 29. Nxe6 Kxe6 30. Re1+ Kf6 31. Be2 Rg3 32. Kd2 Nd5 33. Rb1 b5 34. Bd3 c4 35. Bf1 Nxc3 36. Ra1 Ne4+ 37. Ke2 Rg1 38. a4 Ng3+ 39. Kf2 Rxf1+ 40. Rxf1 Nxf1 41. axb5 axb5 42. Kxf1 b4 43. Kf2 b3 0-1

[Event "Schoeneck op U18 Girls 5th"]
[Site "Schoeneck"]
[Date "1986.12.28"]
[Round "1"]
[White "Stroe, Madalina"]
[Black "Koskela, Niina"]
[Result "1-0"]
[WhiteElo "2155"]
[BlackElo "1515"]
[PlyCount "45"]
[EventDate "1986.12.??"]
[EventType "swiss"]
[EventRounds "7"]
[EventCountry "GER"]
[SourceTitle "EXT 2005"]
[Source "ChessBase"]
[SourceDate "2004.11.15"]
[SourceVersion "1"]
[SourceVersionDate "2004.11.15"]
[SourceQuality "1"]

1. e4 e5 2. f4 d5 3. exd5 e4 4. d3 Nf6 5. dxe4 Nxe4 6. Nf3 c6 7. Bc4 Qa5+ 8. Bd2 Nxd2 9. Qxd2 Qxd2+ 10. Nbxd2 Bd6 11. g3 b5 12. Bb3 c5 13. c4 a6 14. Ne4 Bf8 15. Kf2 f6 16. Rhe1 Kd8 17. Re2 Ra7 18. Rae1 Re7 19. d6 Re8 20. cxb5 axb5 21. Bf7 Bd7 22. Bxe8 Bxe8 23. Nxf6 1-0